| 000 | 00642nam a2200205Ii 4500 | ||
|---|---|---|---|
| 003 | JO-AjNU | ||
| 008 | 230606s9999||||xx |||||||||||||| ||und|| | ||
| 040 |
_aJO-AjNU _beng _erda _cJO-AjNU |
||
| 041 | _aeng | ||
| 050 | 1 | 4 | _aPR6066.I53.Z675 1967 |
| 100 | 3 |
_aHinchliffe, Arnold P, _eauthor _95501 |
|
| 245 | 0 | 0 | _aHarold Pinter |
| 264 | 3 | 1 | _aNew York: ST.Martin's press,1967 |
| 300 |
_a190p _b Includes indexes |
||
| 336 |
_atext _btxt _2rdacontent |
||
| 337 |
_aunmediated _bn _2rdamedia |
||
| 338 |
_avolume _bnc _2rdacarrier |
||
| 490 | 0 | _athe griffin authors series | |
| 650 | 4 |
_a Pinter, Harold, 1930 - Criticism and interpretation _95502 |
|
| 999 |
_aE2845 _c2843 _d2843 |
||